Представление документа в формате RUSMARC

ПолеНазваниеЗначение
  Тип записи a
  Библиографический уровень m
001 Контрольный номер e4aef5b7c8cd4cff89de4e1b446a6a0d
005 Дата корректировки 20140604143727.0
010 Индекс ISBN __
a ISBN 5-9684-0288-1
010 Индекс ISBN __
a ISBN 0-273-68786-7 (англ.)
101 Язык документа 0_
a Язык текста rus
102 Страна публикации __
a Страна публикации RU
200 Заглавие и сведения об ответственности 1_
a Заглавие Высокоэффективный маркетинговый план. Пошаговое руководство для компаний всех типов и размеров
e Сведения, относящиеся к заглавию [пер. с англ.]
f Первые сведения об ответственности Питер Найт
210 Выходные данные 1_
c Издательство Вектор
a Место издания СПб
d Дата издания 2006
215 Физическое описание __
a Объем 156, [4] с.
610 Ключевые слова 0_
a Ключевые слова маркетинговое планирование
686 Индексы других классификаций __
a Классификационный индекс 65.050.8
2 Код системы rubbk
700 Автор _1
a Фамилия Найт
g Полное личное имя Питер
801 Источник записи _0
a Страна RU
b Организация РУК
c Дата составления 20100414
g Правила каталогизации PSBO
801 Источник записи _1
a Страна RU
b Организация РУК
c Дата составления 20100414
g Правила каталогизации PSBO
852 Данные о местонахождении __
j Шифр хранения ББК 65.050
i Авторский знак Н 20
901 Тип документа __
t Тип документа m
938 Служебная информация __
a Название организации Головной вуз
b Имя БД BOOK
c Название АИБС АИБС ИРБИС